[Event "AUTO-INT-3399"]
[Site "http://www.queenalice.com/game.php?id=1576070"]
[Date "2019.7.2"]
[Round "2"]
[White "Zeks44"]
[Black "thbn"]
[Result "1-0"]
[WhiteElo "1896"]
[BlackElo "1681"]

1. e4 e5 2. Nf3 Nc6 3. Bc4 Nf6 4. Ng5 d5 5. Nxf7 Kxf7 6. exd5 Ne7 7. d6+ Ke8 8.
dxe7 Bxe7 9. c3 Bd7 10. Qb3 Bc6 11. O-O Bd6 12. Re1 Qe7 13. d4 Kd7 14. d5 Bxd5
15. Bxd5 c6 16. Qxb7+ Bc7 17. Qxc6+ Kd8 18. Qxa8+ Kd7 19. Qxh8 Bd8 20. Bg5 Bb6
21. Na3 h6 22. Bh4 g5 23. Bg3 Nxd5 24. Rad1 Qe6 25. Rxe5 Qc6 26. Rdxd5+ Kc7 27.
Re7# 1-0

[Event "AUTO-INT-3399"]
[Site "http://www.queenalice.com/game.php?id=1576071"]
[Date "2019.7.2"]
[Round "2"]
[White "thbn"]
[Black "Zeks44"]
[Result "0-1"]
[WhiteElo "1674"]
[BlackElo "1903"]

1. e4 e5 2. Nf3 Nc6 3. Bc4 Bc5 4. O-O h6 5. Nc3 a6 6. a3 b5 7. Bd5 Nge7 8. Bb3
Bb7 9. d3 O-O 10. Bd2 d6 11. Qc1 Nd4 12. Nxd4 Bxd4 13. Ne2 Ba7 14. Bxh6 gxh6 15.
Qxh6 d5 16. Ng3 Qd6 17. Kh1 Qxh6 18. exd5 Bxd5 19. Bxd5 Nxd5 20. Rae1 f6 21. Nf5
Qg6 22. g4 Kf7 23. Rg1 Bxf2 24. Nh6+ Qxh6 25. g5 fxg5 26. Rgf1 Ke6 27. Re4 Bg3
28. Rg1 Qxh2# 0-1

[Event "AUTO-INT-3399"]
[Site "http://www.queenalice.com/game.php?id=1576072"]
[Date "2019.7.2"]
[Round "2"]
[White "Zeks44"]
[Black "almiradm87"]
[Result "1-0"]
[WhiteElo "1928"]
[BlackElo "1556"]

1. e4 e6 2. Nf3 d5 3. e5 Nc6 4. d4 Nge7 5. c3 Nf5 6. Bd3 Nce7 7. O-O c5 8. Bg5
h6 9. Bf4 c4 10. Bc2 Ng6 11. Bd2 b5 12. b3 Rb8 13. a4 a6 14. b4 a5 15. axb5 axb4
16. cxb4 Rxb5 17. Ba4 Bd7 18. Bxb5 Bxb5 19. Ra5 1-0

[Event "AUTO-INT-3399"]
[Site "http://www.queenalice.com/game.php?id=1576073"]
[Date "2019.7.2"]
[Round "2"]
[White "almiradm87"]
[Black "Zeks44"]
[Result "0-1"]
[WhiteElo "1477"]
[BlackElo "1926"]

1. e4 e5 2. Nf3 Nc6 3. Bb5 Bc5 4. O-O d6 5. d4 exd4 6. Bxc6+ bxc6 7. Nxd4 Bb7 8.
Be3 Nf6 9. Nc3 a6 10. Re1 O-O 11. Qf3 Re8 12. Bg5 Bxd4 0-1

[Event "Zeljko Petrinja vs Jose Zombie"]
[Site "http://www.queenalice.com/game.php?id=1577692"]
[Date "2019.7.18"]
[Round "-"]
[White "Zeks44"]
[Black "JOSETEZOMBIE"]
[Result "0-1"]
[WhiteElo "1925"]
[BlackElo "2340"]

1. e4 Nf6 2. e5 Nd5 3. d4 d6 4. Nf3 g6 5. Bc4 Nb6 6. Nbd2 dxe5 7. Nxe5 Nxc4 8.
Ndxc4 Be6 9. b3 Bg7 10. Bb2 O-O 11. O-O Nd7 12. c3 c5 13. Nxd7 Qxd7 14. Qf3 Rac8
15. Ne3 cxd4 16. Rad1 f5 17. cxd4 f4 18. d5 fxe3 19. Qxe3 Bxb2 20. dxe6 Qb5 21.
Rd7 Ba3 22. Qxa7 Bc5 23. Qxb7 Bxf2+ 24. Kh1 Qxf1# 0-1

[Event "Challenge"]
[Site "http://www.queenalice.com/game.php?id=1584157"]
[Date "2019.9.21"]
[Round "-"]
[White "MADMIKE"]
[Black "Zeks44"]
[Result "1-0"]
[WhiteElo "1797"]
[BlackElo "1909"]

1. d4 d5 2. Nc3 c6 3. h3 Nd7 4. e4 e6 5. a3 b5 6. Nf3 h6 7. Be2 dxe4 8. Nxe4
Ngf6 9. Nxf6+ Nxf6 10. Ne5 Bb7 11. O-O Bd6 12. f4 Qb6 13. Bd3 Qxd4+ 14. Kh1 Bxe5
15. fxe5 Qxe5 16. c4 bxc4 17. Bxc4 O-O 18. Bf4 Qe4 19. Bd3 Qd5 20. Qe2 Rfe8 21.
Be5 Nd7 22. Bc3 a5 23. Qg4 Ne5 24. Bxe5 Qxe5 25. b3 Reb8 26. a4 Ba6 27. Bxa6
Rxa6 28. Qf3 Rb7 29. Rad1 Qc7 30. Qe2 Rab6 31. Rb1 Rxb3 32. Rxb3 Rxb3 33. Qa6
Rb4 34. Ra1 Qb6 35. Qc8+ Kh7 36. Qd7 Qb7 37. Qd3+ g6 38. Qc2 Rb2 39. Qe4 Qb6 40.
Qe5 Qf2 41. Rg1 Qc2 42. Qxa5 Ra2 43. Qa7 Kg7 44. a5 Qc4 45. Qc7 Rxa5 46. Qxa5
Qd5 47. Qa1+ e5 48. Rd1 Qe6 49. Re1 f5 50. Rb1 Qd5 51. Rb7+ Kf6 52. Rb1 Ke6 53.
Rd1 h5 54. Rxd5 cxd5 55. Qa6+ Kf7 56. Qd6 1-0

[Event "Challenge"]
[Site "http://www.queenalice.com/game.php?id=1584158"]
[Date "2019.9.21"]
[Round "-"]
[White "Zeks44"]
[Black "MADMIKE"]
[Result "0-1"]
[WhiteElo "1930"]
[BlackElo "1810"]

1. e4 e5 2. Nf3 d6 3. Bc4 h6 4. O-O Nf6 5. Re1 Be7 6. c3 O-O 7. d4 exd4 8. cxd4
a6 9. Nc3 c6 10. a4 b6 11. Ba2 Bg4 12. Re3 Nbd7 13. b4 b5 14. d5 cxd5 15. Bxd5
Rb8 16. axb5 axb5 17. Ra5 Ne5 18. Rxb5 Rxb5 19. Nxb5 Nxf3+ 20. gxf3 Bd7 21. Bc4
Bxb5 22. Bxb5 Nh5 23. Rb3 Bg5 24. Rd3 Bf4 25. Kh1 Qb6 26. Rd5 Nf6 27. Rf5 Bxc1
28. Qxc1 Qxf2 29. Qg1 Qb2 30. Qe1 Qd4 31. Bc6 Ne8 32. b5 Nc7 33. Qe2 Rb8 34. Qa2
Rf8 35. Qb1 Kh8 36. Qb3 Qf2 37. Qd3 f6 38. f4 Ne6 39. Qg3 Qf1+ 40. Qg1 Qf3+ 41.
Qg2 Qe3 42. e5 Nxf4 43. Rxf4 Qxf4 44. e6 Qe5 45. Bd7 Rd8 46. b6 Qe3 47. Qb2 Qe1+
48. Kg2 Qe4+ 49. Kg3 h5 50. Qb5 h4+ 51. Kh3 f5 52. e7 Qg4# 0-1

[Event "AUTO-ADV-4178"]
[Site "http://www.queenalice.com/game.php?id=1588944"]
[Date "2019.11.4"]
[Round "2"]
[White "Prosperidade"]
[Black "Zeks44"]
[Result "1-0"]
[WhiteElo "2094"]
[BlackElo "1892"]

1. d4 d5 2. c4 dxc4 3. Nc3 c6 4. a4 Qa5 5. Bd2 Qb6 6. a5 Qxd4 7. Nf3 Qd8 8. e3
b6 9. axb6 Qxb6 10. Qc1 e6 11. Bxc4 Bc5 12. O-O Nf6 13. Na4 Qd8 14. Nxc5 O-O 15.
Bc3 Nbd7 16. Nxd7 Nxd7 17. Qc2 Nb6 18. Bd3 Bb7 19. Rad1 Qc7 20. Bxh7+ Kh8 21.
Bd3 f6 22. Nh4 Kg8 23. Bh7+ Kh8 24. Ng6+ Kxh7 25. Nxf8+ Kg8 26. Nxe6 Qe7 27. Nf4
Re8 28. Ra1 a6 29. Qb3+ Nd5 30. Nxd5 cxd5 31. Rfc1 Qe4 32. Qxb7 Re7 33. Qxa6 f5
34. Rd1 Re6 35. Qb7 Rg6 36. Qxd5+ 1-0

[Event "AUTO-ADV-4178"]
[Site "http://www.queenalice.com/game.php?id=1588945"]
[Date "2019.11.4"]
[Round "2"]
[White "Zeks44"]
[Black "Prosperidade"]
[Result "0-1"]
[WhiteElo "1901"]
[BlackElo "2073"]

1. e4 e5 2. Nf3 d6 3. Bc4 h6 4. O-O Nf6 5. Re1 Be7 6. c3 a6 7. d4 exd4 8. cxd4
Nc6 9. a3 O-O 10. b4 Bg4 11. Bb2 d5 12. exd5 Nxd5 13. Qb3 Be6 14. Nc3 Nxc3 15.
Bxe6 fxe6 16. Qxe6+ Kh8 17. Bxc3 Bf6 18. Rad1 Re8 19. Qc4 Rxe1+ 20. Rxe1 Qg8 21.
Qe2 Rd8 22. Qb2 Qd5 23. Ne5 Nxd4 24. Ng6+ Kg8 25. Bxd4 Qxd4 26. Qc1 Qc3 27. Qf4
Qxe1# 0-1

[Event "AUTO-ADV-4178"]
[Site "http://www.queenalice.com/game.php?id=1588946"]
[Date "2019.11.4"]
[Round "2"]
[White "E5150"]
[Black "Zeks44"]
[Result "1-0"]
[WhiteElo "2334"]
[BlackElo "1905"]

1. d4 d5 2. c4 dxc4 3. e4 b5 4. a4 c6 5. axb5 cxb5 6. Nc3 Qb6 7. b3 Ba6 8. Nd5
Qb7 9. Bf4 e6 10. Nc7+ Kd7 11. f3 Bd6 12. Bxd6 Kxd6 13. Nxa8 Qxa8 14. Nh3 h6 15.
bxc4 bxc4 16. Qc1 Qb7 17. Rb1 Qc8 18. Rxb8 Qxb8 19. Qf4+ 1-0

[Event "AUTO-ADV-4178"]
[Site "http://www.queenalice.com/game.php?id=1588947"]
[Date "2019.11.4"]
[Round "2"]
[White "Zeks44"]
[Black "E5150"]
[Result "0-1"]
[WhiteElo "1903"]
[BlackElo "2342"]

1. e4 c5 2. Nf3 e6 3. Bc4 d5 4. exd5 exd5 5. Bb3 Qe7+ 6. Qe2 Qxe2+ 7. Kxe2 Be6
8. Re1 Nf6 9. Kf1 b5 10. a3 Nc6 11. Nc3 c4 12. Ba2 a6 13. b3 Bc5 14. h3 O-O 15.
d3 Nd4 16. Nxd4 Bxd4 17. Bb2 cxd3 18. cxd3 Rfc8 19. Rec1 Nh5 20. Rab1 b4 21.
axb4 Bf5 22. Kg1 Bxd3 23. Ra1 Nf4 24. Kh1 Bxf2 25. Rd1 Be4 26. Nxe4 dxe4 27. Bb1
e3 28. Bd3 Nxd3 29. Rxd3 e2 30. Bc3 Rxc3 31. Rxc3 e1=Q+ 32. Rxe1 Bxe1 33. Rc4 g5
34. Re4 Bg3 35. Rg4 Bf4 36. g3 h5 0-1

[Event "AUTO-ADV-4318"]
[Site "http://www.queenalice.com/game.php?id=1605156"]
[Date "2020.3.31"]
[Round "1"]
[White "mascarade"]
[Black "Zeks44"]
[Result "0-1"]
[WhiteElo "1764"]
[BlackElo "1911"]

1. e4 e5 2. d3 Nc6 3. Nf3 Bc5 4. Nc3 h6 5. Be2 Nf6 6. O-O O-O 7. b3 a6 8. Bb2
Re8 9. Na4 Ba7 10. c4 b5 11. Nc3 Bb7 12. cxb5 Nd4 13. Nxd4 exd4 14. bxa6 Bxa6
15. Na4 Qe7 16. Qc1 c5 17. Ba3 d5 18. Re1 dxe4 19. Bxc5 Bxc5 20. Nxc5 Rac8 21.
b4 Nd7 22. Qd2 Nxc5 23. bxc5 Rxc5 24. dxe4 Bb7 25. Bd3 Re5 26. f4 Rh5 27. Be2
Rc5 28. Qxd4 Rc2 29. Bd3 Rd2 30. Red1 Rxd1+ 31. Rxd1 Bxe4 32. Re1 f5 33. a4 Qb7
34. Bb5 Rc8 35. Qd2 Rc2 0-1

[Event "AUTO-ADV-4318"]
[Site "http://www.queenalice.com/game.php?id=1605157"]
[Date "2020.3.31"]
[Round "1"]
[White "Zeks44"]
[Black "Minerva20"]
[Result "0-1"]
[WhiteElo "1927"]
[BlackElo "2044"]

1. e4 c6 2. Nf3 d5 3. e5 Bf5 4. d4 e6 5. c3 Qb6 6. b3 c5 7. Be3 Nc6 8. Nbd2 cxd4
9. cxd4 Nb4 10. a3 Nc2+ 11. Ke2 Qa6+ 12. Nc4 dxc4 13. Kd2 Nxa1 14. Qxa1 Qxa3 15.
Bxc4 Bb4+ 16. Ke2 Qxa1 17. Rxa1 Ne7 18. Bc1 O-O 19. Bb2 Rfd8 20. Ra4 a5 21. Bc1
Nd5 22. Kf1 b5 23. Bxb5 Nc3 24. Rxb4 axb4 25. Bg5 Rxd4 26. Bd2 Ra1+ 27. Be1 Nxb5
28. Nxd4 Nxd4 0-1

[Event "AUTO-ADV-4318"]
[Site "http://www.queenalice.com/game.php?id=1605158"]
[Date "2020.3.31"]
[Round "1"]
[White "Minerva20"]
[Black "Zeks44"]
[Result "1-0"]
[WhiteElo "2023"]
[BlackElo "1914"]

1. d4 d5 2. Bf4 Nc6 3. e3 e6 4. Nf3 h6 5. Nbd2 Bb4 6. c3 Ba5 7. b4 Bb6 8. a4 a6
9. a5 Ba7 10. Bd3 Nge7 11. e4 dxe4 12. Nxe4 O-O 13. Qd2 Kh7 14. Nf6+ Kh8 15.
Bxh6 Ng6 16. Bxg7+ Kxg7 17. Nh5+ Kh7 18. Ng5+ Kg8 19. Ne4 f5 20. Qh6 Qe7 21.
Qxg6+ Kh8 22. Nef6 Bd7 23. Qh6+ 1-0

[Event "AUTO-ADV-4318"]
[Site "http://www.queenalice.com/game.php?id=1605159"]
[Date "2020.3.31"]
[Round "1"]
[White "Zeks44"]
[Black "lat47"]
[Result "1-0"]
[WhiteElo "1898"]
[BlackElo "1814"]

1. e4 e5 2. Nf3 Bd6 3. Bc4 Qf6 4. c3 a6 5. d4 h6 6. Qa4 a5 7. b4 b6 8. b5 Ne7 9.
Bb2 O-O 10. Bb3 Bb7 11. Nbd2 exd4 12. cxd4 Bb4 13. O-O d5 14. Rfe1 dxe4 15. Nxe4
Qg6 16. Ne5 Qh7 17. Nc3 Qf5 18. a3 Bxc3 19. Bxc3 Bd5 20. Bd1 Re8 21. Bf3 Bxf3
22. Nxf3 g5 23. Qc4 Nd7 24. Re3 Rac8 25. Rae1 Qf6 26. d5 Qd6 27. Qd4 f6 28. Re6
Nf5 29. Rxe8+ Kf7 30. Qe4 Rxe8 31. Qxe8+ Kg7 32. Nd4 Nxd4 33. Re7+ 1-0

[Event "AUTO-ADV-4318"]
[Site "http://www.queenalice.com/game.php?id=1605160"]
[Date "2020.3.31"]
[Round "1"]
[White "lat47"]
[Black "Zeks44"]
[Result "0-1"]
[WhiteElo "1845"]
[BlackElo "1914"]

1. e4 e5 2. Nf3 Nc6 3. Bb5 Bc5 4. O-O d6 5. c3 a6 6. Ba4 b5 7. Bb3 h6 8. d4 exd4
9. cxd4 Ba7 10. Be3 Nf6 11. d5 Ne5 12. Nxe5 dxe5 13. Bxa7 Rxa7 14. f3 O-O 15.
Nd2 Bb7 16. a4 c6 17. dxc6 Bxc6 18. axb5 Bxb5 19. Re1 Qb6+ 20. Kh1 Rd8 21. Bc4
Rad7 22. Bxf7+ Rxf7 23. Qc2 Qf2 24. Rad1 Rfd7 25. Qb3+ Kh7 26. Qe3 Qxe3 27. Rxe3
Rxd2 0-1

[Event "Challenge"]
[Site "http://www.queenalice.com/game.php?id=1605465"]
[Date "2020.4.2"]
[Round "-"]
[White "MADMIKE"]
[Black "Zeks44"]
[Result "1-0"]
[WhiteElo "1858"]
[BlackElo "1916"]

1. d4 d5 2. Nc3 e6 3. a3 c5 4. e3 a6 5. Nf3 Nc6 6. Be2 b5 7. O-O h6 8. dxc5 Bxc5
9. b4 Ba7 10. Nd4 Ne5 11. e4 Nf6 12. f4 Nc6 13. Be3 Qb6 14. e5 Nxd4 15. Kh1 Nd7
16. Na2 Nb8 17. c3 Qc7 18. Bxd4 O-O 19. Rc1 a5 20. bxa5 Qxa5 21. Nb4 Bxd4 22.
Qxd4 Qxa3 23. Bxb5 Ra6 24. Nxa6 Nxa6 25. Ra1 Qb2 26. Bxa6 Qe2 27. Bxe2 1-0

[Event "Challenge"]
[Site "http://www.queenalice.com/game.php?id=1605466"]
[Date "2020.4.2"]
[Round "-"]
[White "Zeks44"]
[Black "MADMIKE"]
[Result "1/2-1/2"]
[WhiteElo "1921"]
[BlackElo "1854"]

1. e4 e5 2. Nf3 d6 3. Bc4 h6 4. O-O Nf6 5. Re1 Be7 6. c3 O-O 7. d4 exd4 8. cxd4
Bg4 9. a3 Nc6 10. Qd3 a6 11. b4 b5 12. Ba2 Nh7 13. Nbd2 Ng5 14. Bb2 Kh8 15. Bb1
f5 16. Nh4 Bh5 17. exf5 Bf6 18. f4 Nf7 19. g3 Bxh4 20. gxh4 Qxh4 21. Bc2 Qxf4
22. f6 g6 23. Ne4 Rg8 24. h3 Qf5 25. Qc3 Qd7 26. Rac1 a5 27. Kh2 axb4 28. axb4
Ncd8 29. Ng3 d5 30. Re7 Qd6 31. Rxc7 Qxf6 32. Rf1 Qe6 33. Qd3 Ng5 34. Nxh5 Qd6+
35. Qg3 Qxg3+ 36. Nxg3 Nde6 37. Rd7 Ra2 38. Rb1 Nf3+ 39. Kh1 Nexd4 40. Bd1 Rg7
41. Rxd5 Nd2 42. Bxd4 Nxb1 43. Bxg7+ Kxg7 44. Rxb5 Nc3 45. Rb7+ Kf6 46. Bb3 Rb2
47. Ba4 Nxa4 48. Nf1 Nc3 49. Ne3 Rb3 50. Ng4+ Kg5 51. Ne5 Rb1+ 52. Kg2 Kf5 53.
Ng4 h5 54. Ne3+ Kf4 55. Nc4 Rb3 56. Rf7+ Kg5 57. Rb7 Kf4 58. Rb6 Kf5 59. Na5
Rb2+ 60. Kf3 Nd5 61. Rb5 Ke6 62. Rc5 Rxb4 63. Rc6+ Kf5 64. Rc5 Rf4+ 65. Kg3 h4+
66. Kh2 Rf2+ 67. Kg1 Rd2 68. Nc4 Rd3 69. Kf2 Ke4 70. Nd6+ Kd4 71. Rc4+ Ke5 72.
Nf7+ Ke6 73. Ng5+ Kf5 74. Nf3 g5 75. Rg4 Nf6 76. Ra4 Ne4+ 77. Ke2 Nc3+ 78. Kxd3
Nxa4 79. Kd4 Kf4 80. Ne5 Kg3 81. Nf7 Kxh3 82. Nxg5+ Kg4 83. Ne4 h3 84. Nf2+ Kg3
85. Nxh3 Kxh3 1/2-1/2

[Event "AUTO-ADV-4354"]
[Site "http://www.queenalice.com/game.php?id=1615774"]
[Date "2020.6.9"]
[Round "1"]
[White "Zeks44"]
[Black "fabricioprado"]
[Result "1-0"]
[WhiteElo "1922"]
[BlackElo "1826"]

1. e4 e5 2. Nf3 Nc6 3. Bc4 Be7 4. O-O Nf6 5. Ng5 O-O 6. Re1 h6 7. Nxf7 Rxf7 8.
Bxf7+ Kxf7 9. c3 Kg8 10. d4 d6 11. h3 Qe8 12. d5 Nd8 13. c4 Qg6 14. Nc3 Bxh3 15.
g3 Nh5 16. Re3 Bh4 17. Kh2 Bg4 18. Qg1 Bg5 19. Rd3 Bxc1 20. Rxc1 Nf6 21. Qg2
Qh5+ 22. Kg1 Be2 23. Re3 Bxc4 24. f3 Qg5 25. Ree1 Nh5 26. Kh2 Nf6 27. b3 Bb5 28.
Nxb5 c5 29. Nxd6 b6 30. Qh3 Qh5 31. Qxh5 Nxh5 32. Nc4 Nf7 33. Rf1 Nf6 34. Rce1
Rd8 35. Kh3 Ne8 36. f4 Ned6 37. Nxe5 Nxe5 38. fxe5 Nf7 39. e6 Ne5 40. Rf5 Ng6
41. Rf7 Re8 42. Rxa7 Re7 43. Ra6 Rb7 44. d6 Kf8 45. Ra8+ 1-0

[Event "AUTO-ADV-4354"]
[Site "http://www.queenalice.com/game.php?id=1615775"]
[Date "2020.6.9"]
[Round "1"]
[White "fabricioprado"]
[Black "Zeks44"]
[Result "0-1"]
[WhiteElo "1814"]
[BlackElo "1934"]

1. e4 e5 2. Nf3 Nc6 3. Bc4 Bc5 4. O-O h6 5. d3 Nf6 6. a3 a6 7. Nc3 O-O 8. b4 Ba7
9. Bb2 b5 10. Bb3 Re8 11. Qd2 Bb7 12. h3 Nd4 13. Nxd4 Bxd4 14. Rab1 c6 15. Ne2
Ba7 16. Ng3 d5 17. exd5 cxd5 0-1

[Event "AUTO-ADV-4354"]
[Site "http://www.queenalice.com/game.php?id=1615776"]
[Date "2020.6.9"]
[Round "1"]
[White "Zeks44"]
[Black "LuisGabriel_HD"]
[Result "0-1"]
[WhiteElo "1928"]
[BlackElo "1946"]

1. e4 e5 2. Nf3 Nc6 3. Bc4 Nf6 4. Ng5 d5 5. exd5 Nxd5 6. Nxf7 Kxf7 7. Qf3+ Ke8
8. Bxd5 Qf6 9. Bxc6+ Qxc6 10. Qh5+ Kd8 11. Qg5+ Qf6 12. d3 Be7 13. Qxf6 Bxf6 14.
O-O Bf5 15. Re1 Re8 16. Nc3 a5 17. Nd5 c6 18. Nxf6 gxf6 19. b3 b5 20. Bb2 a4 21.
Ba3 axb3 22. axb3 Rg8 23. f4 exf4 0-1

[Event "AUTO-ADV-4354"]
[Site "http://www.queenalice.com/game.php?id=1615777"]
[Date "2020.6.9"]
[Round "1"]
[White "LuisGabriel_HD"]
[Black "Zeks44"]
[Result "1-0"]
[WhiteElo "1929"]
[BlackElo "1945"]

1. e4 e5 2. Nf3 Nc6 3. Bb5 Bc5 4. d3 Nf6 5. Bg5 h6 6. Bxf6 Qxf6 7. Nc3 O-O 8.
O-O Ne7 9. Re1 c6 10. Bc4 a6 11. a3 b5 12. Bb3 Bb7 13. Ne2 Rfe8 14. d4 exd4 15.
Nexd4 Ng6 16. c3 d5 17. exd5 Rxe1+ 18. Qxe1 cxd5 19. Rd1 Rd8 20. Bc2 Nf4 21. g3
Nh3+ 22. Kg2 Bc8 23. Qe5 1-0

[Event "AUTO-ADV-4354"]
[Site "http://www.queenalice.com/game.php?id=1615778"]
[Date "2020.6.9"]
[Round "1"]
[White "Zeks44"]
[Black "byyonico"]
[Result "1-0"]
[WhiteElo "1920"]
[BlackElo "1557"]

1. e4 c5 2. Nf3 d6 3. Bc4 e6 4. a3 Nc6 5. O-O Bd7 6. c3 Nf6 7. Re1 Be7 8. d4
cxd4 9. cxd4 O-O 10. h3 Qb6 11. b4 a6 12. Bb2 Qc7 13. d5 Ne5 14. Nxe5 dxe5 15.
Re3 Qxc4 16. d6 Bd8 17. Nd2 Rc8 18. Nxc4 Rxc4 19. Qd3 Bb5 20. Qb1 Bb6 21. Re1
Rd8 22. Bxe5 Rd7 23. Bh2 Ne8 24. e5 Bd4 25. Ra2 Bc3 26. Re4 Bd4 27. Rc2 Bxe5 28.
Rexc4 Bxh2+ 29. Kxh2 Rxd6 30. Rc8 Kf8 31. R2c7 Bc6 32. Qxh7 Rd7 33. Qh8+ Ke7 34.
Qxe8+ Kd6 35. Qf8+ Ke5 36. Rxd7 Bxd7 37. Qxg7+ f6 38. Qxd7 b5 39. f3 Kf5 40.
Rc5+ Kg6 41. Qxe6 Kg7 42. Rf5 Kf8 43. Rxf6+ Kg7 44. Rf7+ Kg8 45. Qe8# 1-0

[Event "AUTO-ADV-4354"]
[Site "http://www.queenalice.com/game.php?id=1615779"]
[Date "2020.6.9"]
[Round "1"]
[White "byyonico"]
[Black "Zeks44"]
[Result "0-1"]
[WhiteElo "1517"]
[BlackElo "1918"]

1. c4 e5 2. d3 Nc6 3. e3 Bc5 4. Nc3 a6 5. Be2 Nf6 6. h3 O-O 7. Nf3 Re8 8. O-O h6
9. a3 d5 10. b4 Ba7 11. c5 b6 12. Bb2 bxc5 13. Re1 cxb4 14. axb4 Nxb4 15. Ra4 c5
16. Ba3 Bd7 17. Bxb4 Bxa4 18. Qxa4 cxb4 19. Qxb4 a5 20. Qa4 Qc7 21. Nb5 Qc6 22.
Rb1 Bb8 23. d4 e4 24. Qb3 exf3 25. Bxf3 Bd6 26. Nxd6 Qxd6 27. g3 Rab8 28. Qc2
Rxb1+ 29. Qxb1 Rb8 30. Qe1 a4 31. Kg2 a3 32. Bd1 a2 33. Ba4 Qa3 34. Bc2 a1=Q 35.
Qe2 Rb2 36. Qd3 Qxd3 37. Bxd3 Qe1 38. Bf1 Qxf2+ 0-1